[Event "21e tournoi 1hKO"]
[Site "Montigny le Bretonneux"]
[Date "2017.05.25"]
[Round "3.16"]
[White "Zareli, Youssef"]
[Black "Trevisiol, Antoine"]
[Result "1-0"]
[WhiteElo "1009"]
[BlackElo "1194"]
[Annotator "Rivier,Sylvain"]
[PlyCount "69"]
[EventDate "2017.??.??"]
[WhiteTeam "La Dame Noire"]
[BlackTeam "Maubuee-Gondoire Echecs"]

{Défense française} 1. e4 e6 2. Nf3 d5 3. e5 c5 4. Nc3 Nc6 5. Bb5 Qc7 6. d3
a6 7. Ba4 b5 8. Bb3 c4 9. dxc4 dxc4 10. Bxc4 bxc4 11. Qe2 Bc5 12. Qxc4 Nxe5 13.
Nxe5 Qxe5+ 14. Ne2 Bb7 15. Qg4 Ne7 16. Bf4 Qxb2 17. Rd1 O-O 18. Bd6 Bxd6 19.
Rxd6 Qb4+ 20. Qxb4 Bxg2 21. Rg1 Rfb8 22. Qc5 Rb1+ 23. Rd1 Rxd1+ 24. Kxd1 Rd8+
25. Kc1 Bf3 26. Qxe7 Rc8 27. Nd4 Bd5 28. Rg3 Bxa2 29. Ra3 Bd5 30. Rxa6 h6 31.
Ra7 Rf8 32. Rd7 Kh8 33. Qxf8+ Kh7 34. Rxf7 e5 35. Qxg7# 1-0

[Event "21e tournoi 1hKO"]
[Site "Montigny le Bretonneux"]
[Date "2017.05.27"]
[Round "4.1"]
[White "Forissier, Nicolas"]
[Black "Tornare, Michel"]
[Result "1/2-1/2"]
[WhiteElo "1985"]
[BlackElo "1835"]
[Annotator "Rivier,Sylvain"]
[PlyCount "68"]
[EventDate "2017.??.??"]
[WhiteTeam "La Dame Noire"]
[BlackTeam "C.S.M. Puteaux Echecs"]

{Gambit dame} 1. d4 d5 2. c4 e6 3. Nc3 Be7 4. e3 Nf6 5. Nf3 O-O 6. Bd3 dxc4 7.
Bxc4 a6 8. O-O b5 9. Bb3 c5 10. Ne5 Bb7 11. f4 Nc6 12. a4 cxd4 13. Nxc6 Bxc6
14. exd4 b4 15. Ne2 Nd5 16. f5 exf5 17. Rxf5 Qd7 18. Qd3 a5 19. Bg5 Bxg5 20.
Rxg5 Rae8 21. Re5 Rxe5 22. dxe5 Nc3 23. Nf4 Qxd3 24. Nxd3 Ne2+ 25. Kf2 Nd4 26.
Bd1 f6 27. Kg3 fxe5 28. Nxe5 Bd5 29. Rc1 Nf5+ 30. Kh3 Be6 31. g4 Ne3 32. Be2 h5
33. Rc6 Bd5 34. Rc5 Rf2 {suite illisible} 1/2-1/2

[Event "21e tournoi 1hKO"]
[Site "Montigny le Bretonneux"]
[Date "2017.05.27"]
[Round "4.2"]
[White "Benbakir, Chouaib"]
[Black "Talvard, Gerard"]
[Result "1/2-1/2"]
[WhiteElo "1809"]
[BlackElo "2002"]
[Annotator "Rivier,Sylvain"]
[PlyCount "34"]
[EventDate "2017.??.??"]
[WhiteTeam "La Dame Noire"]
[BlackTeam "Echiquier Grenoblois"]

{Défense sicilienne, fianchetto accéléré} 1. e4 c5 2. Nf3 g6 3. d4 cxd4 4.
Nxd4 Bg7 5. Nc3 Nc6 6. Be3 Nf6 7. Be2 O-O 8. Qd2 d5 9. Nxc6 bxc6 10. exd5 Nxd5
11. Nxd5 cxd5 12. c3 Qa5 13. Bh6 Bxh6 14. Qxh6 Rb8 15. Qd2 Rd8 16. O-O Ba6 17.
Bxa6 Qxa6 1/2-1/2

[Event "21e tournoi 1hKO"]
[Site "Montigny le Bretonneux"]
[Date "2017.05.27"]
[Round "4.3"]
[White "Hogrel, Nicolas"]
[Black "Couradin, Bruno"]
[Result "0-1"]
[WhiteElo "2008"]
[BlackElo "1550"]
[Annotator "Rivier,Sylvain"]
[PlyCount "60"]
[EventDate "2017.??.??"]
[WhiteTeam "La Dame Noire"]
[BlackTeam "La Dame Noire"]

{Partie écossaise} 1. e4 e5 2. Nf3 Nc6 3. d4 exd4 4. Nxd4 Nxd4 5. Qxd4 d6 6.
Bc4 Nf6 7. Nc3 Be7 8. f3 c6 9. a4 O-O 10. O-O Be6 11. Bxe6 fxe6 12. e5 Nd5 13.
Ne4 c5 14. Qf2 Rc8 15. exd6 Bxd6 16. Bg5 Be7 17. Bxe7 Qxe7 18. c4 Nf6 19. Rfe1
Nxe4 20. Rxe4 b6 21. Rae1 Rf6 22. Qe3 Rc6 23. Qg5 Qf7 24. Qd2 Qc7 25. Re5 Rd6
26. Qe3 Qd7 27. a5 Rd3 28. Qe4 Kf7 29. Qxh7 Qd4+ 30. Kh1 Qxe5 0-1

[Event "21e tournoi 1hKO"]
[Site "Montigny le Bretonneux"]
[Date "2017.05.27"]
[Round "4.4"]
[White "Trevisiol, Thierry"]
[Black "Artieres, Michel"]
[Result "1-0"]
[WhiteElo "1611"]
[BlackElo "1753"]
[Annotator "Rivier,Sylvain"]
[PlyCount "87"]
[EventDate "2017.??.??"]
[WhiteTeam "Maubuee-Gondoire Echecs"]
[BlackTeam "La Dame Noire"]

{Ouverture irrégulière} 1. b4 Nf6 2. Bb2 e6 3. a3 d5 4. e3 Nbd7 5. c4 dxc4 6.
Bxc4 Nb6 7. Be2 Be7 8. f4 Ne4 9. Nf3 Bh4+ 10. g3 Bf6 11. Qc2 Bxb2 12. Qxb2 O-O
13. Nc3 Nf6 14. Rc1 Bd7 15. Ne5 Be8 16. Bf3 c6 17. Ke2 Nfd7 18. Nd3 Nc4 19. Qb3
Ndb6 20. Rc2 Qe7 21. Ne4 Nd6 22. Nec5 Nd7 23. Rhc1 Nxc5 24. Nxc5 e5 25. Kf2 Kh8
26. fxe5 Qxe5 27. Nd3 Qf6 28. Kg2 Bd7 29. Rf1 Qh6 30. Nf2 Be6 31. Qb2 Nc4 32.
Qc3 Rad8 33. Be2 Nd6 34. Qe5 f5 35. Nh3 Nf7 36. Qf4 g5 37. Qf2 Bd5+ 38. Bf3
Bxf3+ 39. Qxf3 g4 40. Qxf5 gxh3+ 41. Kg1 Ng5 42. Qe5+ Qg7 43. Qa1 Rxf1+ 44.
Qxf1 1-0

[Event "21e tournoi 1hKO"]
[Site "Montigny le Bretonneux"]
[Date "2017.05.27"]
[Round "4.5"]
[White "Delpech, Olivier"]
[Black "Branson, James"]
[Result "1-0"]
[WhiteElo "1660"]
[BlackElo "1564"]
[Annotator "Rivier,Sylvain"]
[PlyCount "67"]
[EventDate "2017.??.??"]
[WhiteTeam "La Dame Noire"]
[BlackTeam "La Dame Noire"]

{Ouverture anglaise} 1. Nf3 d5 2. g3 Nf6 3. Bg2 Nbd7 4. d3 c6 5. O-O e5 6. c4
Be7 7. cxd5 Nxd5 8. Nc3 O-O 9. Bd2 Bf6 10. Rc1 Qb6 11. b3 Qd8 12. Ne4 Re8 13.
Nd6 Re6 14. Nc4 N7b6 15. e4 Nc7 16. Qe2 Nb5 17. Rfd1 Nd4 18. Nxd4 Qxd4 19. Be3
Qd8 20. f4 Nxc4 21. dxc4 Qc7 22. Rd2 Re8 23. f5 Rd8 24. Rcd1 Rxd2 25. Rxd2 g6
26. g4 Qe7 27. Rd3 b6 28. Qd2 a5 29. g5 Bxg5 30. Bxg5 f6 31. Be3 c5 32. Rd6 Rb8
33. Bh6 Ba6 34. Rd7 1-0

[Event "21e tournoi 1hKO"]
[Site "Montigny le Bretonneux"]
[Date "2017.05.27"]
[Round "4.6"]
[White "Charron, Thomas"]
[Black "Suinot, Laurent"]
[Result "1-0"]
[WhiteElo "1550"]
[BlackElo "1623"]
[Annotator "Rivier,Sylvain"]
[PlyCount "133"]
[EventDate "2017.??.??"]
[WhiteTeam "Club d'Echecs du Vesinet"]
[BlackTeam "Villepreux "]

{Défense sicilienne, fianchetto accéléré} 1. e4 c5 2. Nf3 Nc6 3. d4 cxd4 4.
Nxd4 g6 5. Nc3 Bg7 6. Be3 a6 7. f3 e6 8. Qd2 Nge7 9. Be2 O-O 10. g4 Qc7 11.
O-O-O Rd8 12. Bf4 e5 13. Nxc6 bxc6 14. Bg3 d5 15. exd5 cxd5 16. f4 Bb7 17. Bf3
e4 18. Bg2 Bxc3 19. Qxc3 Qxc3 20. bxc3 f5 21. g5 Rdc8 22. Be1 Rc4 23. Rd4 Rac8
24. Bf1 Rxd4 25. cxd4 Nc6 26. Bc3 Nd8 27. Bd2 Ne6 28. Be3 Rc3 29. Kd2 Ra3 30.
Be2 Rxa2 31. Rb1 Nd8 32. Rb6 Kf7 33. Rb1 Ke7 34. Kc3 Ra3+ 35. Kd2 Kd7 36. Rb6
a5 37. Rb1 Bc6 38. Rb2 Kc7 39. c3 Nb7 40. Kc2 Ba4+ 41. Kd2 Nd6 42. Bf2 Nc4+ 43.
Bxc4 dxc4 44. Be1 Bb3 45. Kc1 Ba4 46. Kb1 Rb3 47. Rxb3 Bxb3 48. Bf2 Kc6 49. Be3
Kb5 50. Kb2 Kc6 51. Ka3 Kd6 52. Kb2 Ba4 53. Ka3 Bc6 54. Kb2 Kc7 55. Ka3 Kb6 56.
d5+ Kc7 57. dxc6 Kxc6 58. Ka4 Kd6 59. Kxa5 Kd5 60. Kb4 Kd6 61. Kxc4 Ke6 62. Kc5
Kd7 63. Kb6 Kc8 64. c4 Kb8 65. c5 Kc8 66. Kc6 Kb8 67. Kd7 1-0

[Event "21e tournoi 1hKO"]
[Site "Montigny le Bretonneux"]
[Date "2017.05.27"]
[Round "4.7"]
[White "Rivier, Sylvain"]
[Black "Privat, Jean-Claude"]
[Result "1/2-1/2"]
[WhiteElo "1532"]
[BlackElo "1633"]
[Annotator "Rivier,Sylvain"]
[PlyCount "43"]
[EventDate "2017.??.??"]
[WhiteTeam "La Dame Noire"]
[BlackTeam "La Dame Noire"]

{Partie espagnole, variante d'échange} 1. e4 e5 2. Nf3 Nc6 3. Bb5 a6 4. Bxc6
dxc6 5. Nxe5 Qd4 6. Ng4 Qxe4+ 7. Ne3 Be6 8. Nc3 Qg6 9. Qf3 Nf6 10. d3 Bc5 11.
Ne4 Nxe4 12. Qxe4 Qf6 13. Ng4 Qf5 14. Qxf5 Bxf5 15. Ne3 Be6 16. Bd2 Bd4 17. Bc3
Bxc3+ 18. bxc3 O-O-O 19. a3 Rhe8 20. Kd2 Bd5 21. Nxd5 cxd5 22. Rhe1 1/2-1/2

[Event "21e tournoi 1hKO"]
[Site "Montigny le Bretonneux"]
[Date "2017.05.27"]
[Round "4.8"]
[White "Couradin, Jean-Marie"]
[Black "Fasquelle, Cedric"]
[Result "1-0"]
[WhiteElo "1624"]
[BlackElo "1517"]
[Annotator "Rivier,Sylvain"]
[PlyCount "63"]
[EventDate "2017.??.??"]
[WhiteTeam "La Dame Noire"]
[BlackTeam "Saint-Quentin en Yvelines"]

{Ouverture du pion dame} 1. d4 Nf6 2. Nf3 b6 3. e3 e6 4. Bd3 Bb7 5. b3 c5 6.
Nbd2 cxd4 7. exd4 Nd5 8. Bb2 Nf4 9. Bf1 Bd6 10. c4 O-O 11. g3 Ng6 12. Bg2 Nc6
13. O-O Nce7 14. Qe2 h5 15. Ng5 Bxg2 16. Qxh5 Re8 17. Kxg2 Bc7 18. Nge4 Nf5 19.
Nf3 d5 20. Neg5 Rc8 21. Rac1 Bf4 22. Qh7+ Kf8 23. gxf4 Nxf4+ 24. Kh1 f6 25.
Nxe6+ Rxe6 26. Qxf5 Qd6 27. Ne5 Ke8 28. Qxf4 Rxe5 29. dxe5 Qe7 30. cxd5 Rxc1
31. Rxc1 Qb7 32. Qc4 1-0

[Event "21e tournoi 1hKO"]
[Site "Montigny le Bretonneux"]
[Date "2017.05.27"]
[Round "4.9"]
[White "Montay, Jean-Paul"]
[Black "Sondermeijer, Damien"]
[Result "0-1"]
[WhiteElo "1343"]
[BlackElo "1297"]
[Annotator "Rivier,Sylvain"]
[PlyCount "58"]
[EventDate "2017.??.??"]
[WhiteTeam "La Dame Noire"]
[BlackTeam "La Dame Noire"]

{Ouverture anglaise} 1. c4 e5 2. Nc3 Nf6 3. g3 d5 4. e3 Nc6 5. cxd5 Nxd5 6.
Nge2 Bg4 7. a3 Nxc3 8. bxc3 Be7 9. Bg2 Qd7 10. Rb1 Rb8 11. d3 O-O 12. h3 Bf5
13. e4 Be6 14. Bb2 Rfd8 15. d4 Bc4 16. O-O Bxe2 17. Qxe2 exd4 18. cxd4 Nxd4 19.
Bxd4 Qxd4 20. Rfd1 Qa4 21. Rxd8+ Bxd8 22. Qd3 Be7 23. Rd1 Qxa3 24. Qxa3 Bxa3
25. e5 g6 26. Rd7 c5 27. Bxb7 c4 28. Bd5 c3 29. Rxa7 c2 0-1

[Event "21e tournoi 1hKO"]
[Site "Montigny le Bretonneux"]
[Date "2017.05.27"]
[Round "4.10"]
[White "Tanchoux, Pierre"]
[Black "Sondermeijer, Antoine"]
[Result "1-0"]
[WhiteElo "1274"]
[BlackElo "1399"]
[Annotator "Rivier,Sylvain"]
[PlyCount "81"]
[EventDate "2017.??.??"]
[WhiteTeam "La Dame Noire"]
[BlackTeam "La Dame Noire"]

{Défense Pirc} 1. e4 d6 2. d4 Nf6 3. Nc3 g6 4. h3 Bg7 5. e5 dxe5 6. dxe5 Qxd1+
7. Nxd1 Ne4 8. Nf3 O-O 9. Bd3 Nc5 10. O-O Rd8 11. Bc4 Nc6 12. Bf4 e6 13. Nc3 b6
14. a3 Nd4 15. Rac1 Bb7 16. Be2 Nxe2+ 17. Nxe2 Bxf3 18. gxf3 Nd7 19. Bg5 Nxe5
20. Bxd8 Nxf3+ 21. Kg2 Rxd8 22. Kxf3 Bxb2 23. Rcd1 Rxd1 24. Rxd1 Bxa3 25. Nc3
c6 26. Rd8+ Kg7 27. Nb1 Bc5 28. Rc8 h5 29. Rxc6 a5 30. c4 Kf6 31. Ke2 Kg5 32.
Nd2 Kf4 33. Nb3 e5 34. Nxc5 bxc5 35. Rxc5 a4 36. Ra5 Ke4 37. Rxa4 Kd4 38. Ra7
f5 39. h4 e4 40. Ra6 f4 41. f3 1-0

[Event "21e tournoi 1hKO"]
[Site "Montigny le Bretonneux"]
[Date "2017.05.27"]
[Round "4.11"]
[White "Marchal, Gregory"]
[Black "Carbonero, Jean Marc"]
[Result "1-0"]
[WhiteElo "1500"]
[BlackElo "1136"]
[Annotator "Rivier,Sylvain"]
[PlyCount "81"]
[EventDate "2017.??.??"]
[WhiteTeam "Club d'Echecs du Vesinet"]
[BlackTeam "Saint-Quentin en Yvelines"]

{Partie du pion dame} 1. d4 d5 2. Bf4 Nc6 3. Nf3 Bg4 4. e3 e6 5. h3 Bf5 6. Bd3
Nf6 7. Bxf5 exf5 8. c3 Bd6 9. Ne5 Ne4 10. Qa4 O-O 11. Nxc6 bxc6 12. Qxc6 Bxf4
13. exf4 Qd6 14. Qxd6 cxd6 15. O-O Rab8 16. b3 Rfc8 17. Rc1 a5 18. f3 Nf6 19.
Kf2 Rc7 20. Na3 Rbc8 21. Nb5 Rd7 22. a4 Ne8 23. Ke2 Re7+ 24. Kd3 Re6 25. Re1
Rxe1 26. Rxe1 Kf8 27. b4 axb4 28. cxb4 Rb8 29. Kc3 Rc8+ 30. Kb3 f6 31. a5 Nc7
32. Nxd6 Ra8 33. Nxf5 Kf7 34. Re7+ Kg6 35. Nxg7 Nb5 36. Ne6 h5 37. g3 f5 38.
Rb7 Nd6 39. Rd7 Ra6 40. Nc5 Ra8 41. Rxd6+ 1-0

[Event "21e tournoi 1hKO"]
[Site "Montigny le Bretonneux"]
[Date "2017.05.27"]
[Round "4.12"]
[White "Sagon, Lancelot"]
[Black "Payot, Guillaume"]
[Result "1-0"]
[WhiteElo "1449"]
[BlackElo "1273"]
[Annotator "Rivier,Sylvain"]
[PlyCount "71"]
[EventDate "2017.??.??"]
[WhiteTeam "La Dame Noire"]
[BlackTeam "La Dame Noire"]

{Défense française, variante d'échange} 1. e4 e6 2. d4 d5 3. exd5 exd5 4.
Bd3 Nf6 5. Bf4 Bd6 6. Bxd6 Qxd6 7. Nf3 O-O 8. O-O Nc6 9. c3 Re8 10. Nbd2 Qf4
11. Qc2 g6 12. Rfe1 Bf5 13. Bxf5 gxf5 14. g3 Qg4 15. Nh4 Ne4 16. f3 Qg5 17.
fxe4 f4 18. Ndf3 Qg4 19. exd5 fxg3 20. hxg3 Ne7 21. Re4 Qh3 22. Rae1 Kf8 23.
R4e2 Ng6 24. Rxe8+ Rxe8 25. Rxe8+ Kxe8 26. Qg2 Qg4 27. Qe2+ Kf8 28. Nxg6+ hxg6
29. Kf2 Qd7 30. Qe5 Qb5 31. Qe2 Qxd5 32. c4 Qf5 33. b3 g5 34. Kg2 Qg6 35. Ne5
Qb6 36. Nd7+ 1-0

[Event "21e tournoi 1hKO"]
[Site "Montigny le Bretonneux"]
[Date "2017.05.27"]
[Round "4.13"]
[White "Colette, Thierry"]
[Black "Zareli, Youssef"]
[Result "1-0"]
[WhiteElo "1371"]
[BlackElo "1009"]
[Annotator "Rivier,Sylvain"]
[PlyCount "36"]
[EventDate "2017.??.??"]
[WhiteTeam "La Dame Noire"]
[BlackTeam "La Dame Noire"]

{Défense française, variante Rubinstein} 1. e4 e6 2. d4 Nf6 3. Nc3 Nc6 4. Nf3
d5 5. e5 Ne4 6. Nxe4 dxe4 7. Ng5 Qd5 8. Be3 Be7 9. Nh3 Bb4+ 10. c3 Be7 11. Be2
O-O 12. O-O Bd7 13. Nf4 Bg5 14. Nxd5 Bxe3 15. fxe3 exd5 16. Bg4 Bc8 17. Bxc8
Raxc8 18. Qe2 Rb8 {suite illisible} 1-0

[Event "21e tournoi 1hKO"]
[Site "Montigny le Bretonneux"]
[Date "2017.05.27"]
[Round "4.14"]
[White "Bouloc, Roger"]
[Black "Benbakir, Ameur"]
[Result "1/2-1/2"]
[WhiteElo "1446"]
[BlackElo "1486"]
[Annotator "Rivier,Sylvain"]
[PlyCount "73"]
[EventDate "2017.??.??"]
[WhiteTeam "La Dame Noire"]
[BlackTeam "La Dame Noire"]

{Défense sicilienne, gambit Morra} 1. e4 c5 2. f4 Nc6 3. Nf3 g6 4. d4 Bg7 5.
dxc5 Qa5+ 6. Nc3 Qxc5 7. Bd2 Qb6 8. Rb1 d6 9. Bd3 Nh6 10. Nd5 Qd8 11. Bc3 Bxc3+
12. Nxc3 O-O 13. Qd2 f5 14. O-O a6 15. a3 Ng4 16. exf5 Bxf5 17. Bxf5 Rxf5 18.
Nd4 Nxd4 19. Qxd4 Rc8 20. Rbe1 Rfc5 21. Nd5 Rxd5 22. Qxd5+ Kh8 23. Qxb7 Rb8 24.
Qxe7 Qb6+ 25. Kh1 Nf2+ 26. Rxf2 Qxf2 27. Qf6+ Kg8 28. Qe6+ Kh8 29. Rd1 Rf8 30.
Qxd6 Rxf4 31. Qe5+ Rf6 32. Rd8+ Kg7 33. h3 Kh6 34. Rd1 Rf5 35. Qe1 Qxc2 36.
Qh4+ Rh5 37. Qf4+ 1/2-1/2

[Event "21e tournoi 1hKO"]
[Site "Montigny le Bretonneux"]
[Date "2017.05.27"]
[Round "4.15"]
[White "Trevisiol, Antoine"]
[Black "Vo, Bao Nam"]
[Result "1-0"]
[WhiteElo "1194"]
[BlackElo "1110"]
[Annotator "Rivier,Sylvain"]
[PlyCount "93"]
[EventDate "2017.??.??"]
[WhiteTeam "Maubuee-Gondoire Echecs"]
[BlackTeam "La Dame Noire"]

{Gambit dame} 1. d4 d5 2. c4 Nf6 3. Nc3 Nc6 4. Nf3 Bf5 5. Qb3 e6 6. Bg5 Be7 7.
Bxf6 Bxf6 8. e3 O-O 9. cxd5 exd5 10. Nxd5 Be6 11. Nxf6+ Qxf6 12. Bc4 Na5 13.
Qb4 Nxc4 14. O-O a5 15. Qxb7 Rac8 16. Rfc1 Nd6 17. Qa7 Nc4 18. Qb7 c5 19. d5
Nd6 20. Qb6 Bxd5 21. Rxc5 Rxc5 22. Qxc5 Bxf3 23. gxf3 Qg6+ 24. Kh1 f5 25. Qxa5
Ne4 26. Qa4 Nd2 27. Qd4 Nxf3 28. Qd5+ Kh8 29. Qxf3 Qf6 30. Rb1 g5 31. Qd5 h5
32. Qd4 f4 33. Qxf6+ Rxf6 34. e4 g4 35. Kg2 f3+ 36. Kg3 Kh7 37. b4 Kg6 38. Kh4
Rf4 39. b5 Rxe4 40. b6 Re8 41. b7 Rb8 42. a4 Re8 43. b8=Q Re7 44. Qd6+ Kf5 45.
Rb5+ Ke4 46. Rb4+ Kf5 47. Rf4# 1-0

[Event "21e tournoi 1hKO"]
[Site "Montigny le Bretonneux"]
[Date "2017.05.27"]
[Round "5.1"]
[White "Couradin, Bruno"]
[Black "Forissier, Nicolas"]
[Result "1/2-1/2"]
[WhiteElo "1550"]
[BlackElo "1985"]
[Annotator "Rivier,Sylvain"]
[PlyCount "51"]
[EventDate "2017.??.??"]
[WhiteTeam "La Dame Noire"]
[BlackTeam "La Dame Noire"]

{Partie italienne} 1. e4 e5 2. Nf3 Nc6 3. Bc4 Bc5 4. Nc3 Nf6 5. d3 d6 6. h3 Be6
7. Nd5 Bxd5 8. Bxd5 Nxd5 9. exd5 Ne7 10. c4 O-O 11. O-O f5 12. d4 exd4 13. Nxd4
Bxd4 14. Qxd4 Ng6 15. Re1 f4 16. Bd2 Qg5 17. Kh2 Rf7 18. Re4 a6 19. Kh1 Raf8
20. Rae1 Qh5 21. f3 Qh4 22. Re8 Ne5 23. Rxf8+ Rxf8 24. Bc3 Rf5 25. Qe4 Rh5 26.
Bd2 {suite illisible} 1/2-1/2

[Event "21e tournoi 1hKO"]
[Site "Montigny le Bretonneux"]
[Date "2017.05.27"]
[Round "5.2"]
[White "Tornare, Michel"]
[Black "Benbakir, Chouaib"]
[Result "1-0"]
[WhiteElo "1835"]
[BlackElo "1809"]
[Annotator "Rivier,Sylvain"]
[PlyCount "79"]
[EventDate "2017.??.??"]
[WhiteTeam "C.S.M. Puteaux Echecs"]
[BlackTeam "La Dame Noire"]

{Défense est-indienne} 1. Nf3 Nf6 2. d4 g6 3. c4 Bg7 4. Nc3 O-O 5. Bg5 h6 6.
Bh4 d6 7. e3 Nbd7 8. Be2 c5 9. d5 a6 10. a4 Qa5 11. Nd2 Re8 12. Bg3 Nh7 13. Ra3
Ne5 14. O-O f5 15. h3 Bd7 16. f4 Nf7 17. e4 fxe4 18. Ndxe4 Nf6 19. Bd3 Nh5 20.
Qc2 Nh8 21. Be1 Rf8 22. Ne2 Qc7 23. g4 Nf6 24. Nxf6+ exf6 25. Bxg6 Nxg6 26.
Qxg6 f5 27. Bc3 Rf7 28. Ng3 fxg4 29. hxg4 Bxg4 30. Qxg4 Kh7 31. Bxg7 Rxg7 32.
Qf5+ Kh8 33. Qf6 Kh7 34. Kf2 Rf7 35. Qh4 Qa5 36. Rh1 Qd2+ 37. Ne2 Kg8 38. Qxh6
Rxf4+ 39. Qxf4 Rf8 40. Rg3# 1-0

[Event "21e tournoi 1hKO"]
[Site "Montigny le Bretonneux"]
[Date "2017.05.27"]
[Round "5.3"]
[White "Talvard, Gerard"]
[Black "Trevisiol, Thierry"]
[Result "0-1"]
[WhiteElo "2002"]
[BlackElo "1611"]
[Annotator "Rivier,Sylvain"]
[PlyCount "78"]
[EventDate "2017.??.??"]
[WhiteTeam "Echiquier Grenoblois"]
[BlackTeam "Maubuee-Gondoire Echecs"]

{Ouverture anglaise, défense Caro-Kann} 1. Nf3 d5 2. g3 Bf5 3. Bg2 c6 4. b3
Nf6 5. Bb2 Nbd7 6. d3 Qc7 7. Nh4 Bg6 8. Nd2 e6 9. c4 Be7 10. O-O O-O 11. Nxg6
hxg6 12. d4 Rac8 13. a3 Rfe8 14. Rc1 Qb8 15. e4 dxe4 16. Nxe4 Nxe4 17. Bxe4 Bf6
18. Qd2 Red8 19. Qe2 Nf8 20. Rfd1 Rd7 21. Rc2 Rcd8 22. Rcd2 Qc7 23. Rd3 Qb6 24.
Qd2 Nh7 25. Bg2 Nf8 26. Bc3 Qxb3 27. Ba5 Qxc4 28. Bxd8 Rxd8 29. Qb4 Qa6 30. Rb3
Rd7 31. Bf1 Qb6 32. Qxb6 axb6 33. Be2 Bxd4 34. Rb4 e5 35. Kg2 Rd6 36. f4 f6 37.
fxe5 fxe5 38. Bc4+ Kh7 39. Rf1 Nd7 0-1

[Event "21e tournoi 1hKO"]
[Site "Montigny le Bretonneux"]
[Date "2017.05.27"]
[Round "5.4"]
[White "Charron, Thomas"]
[Black "Delpech, Olivier"]
[Result "1/2-1/2"]
[WhiteElo "1550"]
[BlackElo "1660"]
[Annotator "Rivier,Sylvain"]
[PlyCount "81"]
[EventDate "2017.??.??"]
[WhiteTeam "Club d'Echecs du Vesinet"]
[BlackTeam "La Dame Noire"]

{Défense sicilienne, variante Taïmanov} 1. e4 c5 2. Nf3 Nc6 3. d4 cxd4 4.
Nxd4 a6 5. Nc3 e6 6. Be3 Bb4 7. Qd2 Nf6 8. f3 O-O 9. a3 Be7 10. Bc4 Ne5 11. Bb3
b5 12. Qe2 Bb7 13. O-O Rc8 14. f4 Nc4 15. e5 Nd5 16. Bxc4 bxc4 17. Nxd5 Bxd5
18. Qg4 Qc7 19. Nf3 d6 20. Bd4 Be4 21. exd6 e5 22. dxc7 exd4 23. Rae1 Bxf3 24.
Rxf3 Rxc7 25. f5 Bc5 26. Kh1 f6 27. Rh3 Rb8 28. Qh5 h6 29. Qg6 Kh8 30. Re8+
Rxe8 31. Qxe8+ Kh7 32. Qe6 Re7 33. Qxe7 Bxe7 34. Kg1 Bd6 35. Kf2 a5 36. Rh4 Be5
37. Kf3 a4 38. Re4 h5 39. Rxe5 fxe5 40. Ke4 Kh6 41. h4 1/2-1/2

[Event "21e tournoi 1hKO"]
[Site "Montigny le Bretonneux"]
[Date "2017.05.27"]
[Round "5.5"]
[White "Tanchoux, Pierre"]
[Black "Couradin, Jean-Marie"]
[Result "0-1"]
[WhiteElo "1274"]
[BlackElo "1624"]
[Annotator "Rivier,Sylvain"]
[PlyCount "70"]
[EventDate "2017.??.??"]
[WhiteTeam "La Dame Noire"]
[BlackTeam "La Dame Noire"]

{Défense sicilienne, variante Alapine} 1. e4 c5 2. Nf3 e6 3. c3 Nc6 4. d4 cxd4
5. cxd4 Qc7 6. Bc4 a6 7. d5 Na5 8. Be2 Nf6 9. Nc3 Bd6 10. dxe6 dxe6 11. b3 O-O
12. Bd2 b5 13. Rc1 Nc6 14. Bg5 Be7 15. O-O Rd8 16. Qc2 Bb7 17. Bd3 Nb4 18. Qb1
Nxd3 19. Rfd1 Ne5 20. Bxf6 Nxf3+ 21. gxf3 Bxf6 22. Rxd8+ Rxd8 23. Rd1 Rd4 24.
Rxd4 Bxd4 25. Qd3 Qb6 26. Qd2 g6 27. Kg2 Qc5 28. Nd1 b4 29. Qf4 Be5 30. Qd2 Bc6
31. a3 Bb5 32. f4 Bc3 33. Qc2 Qd4 34. Ne3 Bd3 35. Qd1 Bxe4+ 0-1

[Event "21e tournoi 1hKO"]
[Site "Montigny le Bretonneux"]
[Date "2017.05.27"]
[Round "5.6"]
[White "Sondermeijer, Damien"]
[Black "Rivier, Sylvain"]
[Result "1-0"]
[WhiteElo "1297"]
[BlackElo "1532"]
[Annotator "Rivier,Sylvain"]
[PlyCount "123"]
[EventDate "2017.??.??"]
[WhiteTeam "La Dame Noire"]
[BlackTeam "La Dame Noire"]

{Début Réti, attaque est-indienne} 1. Nf3 Nf6 2. g3 d5 3. Bg2 c5 4. e3 Nc6 5.
d4 cxd4 6. exd4 Bg4 7. O-O Qd7 8. Re1 e6 9. Nbd2 Nxd4 10. h3 Nxf3+ 11. Nxf3
Bxf3 12. Bxf3 Bc5 13. Bg5 Be7 14. Bxf6 Bxf6 15. Qxd5 Qxd5 16. Bxd5 Rc8 17. c3
b6 18. Rad1 O-O 19. Bf3 Rfd8 20. a4 a5 21. h4 Kf8 22. Kf1 Ke8 23. Be4 h6 24. h5
Rc5 25. Rxd8+ Bxd8 26. g4 Rc4 27. f3 Rxa4 28. Bc6+ Ke7 29. Bxa4 Kf6 30. f4 Bc7
31. Re4 g5 32. fxg5+ Kxg5 33. Be8 f5 34. Rxe6 Kxg4 35. Rxh6 f4 36. Rf6 Kg5 37.
Rf7 Be5 38. Rh7 f3 39. h6 Kf4 40. Rf7+ Kg5 41. h7 Kh6 42. Bc6 Kg6 43. Rd7 Bg7
44. Be4+ Kf6 45. Rd8 b5 46. h8=Q Bxh8 47. Rxh8 Ke5 48. Bxf3 Kd6 49. b4 a4 50.
Bd1 Kd5 51. Rh4 a3 52. Bb3+ Kc6 53. Ke2 Kd6 54. Rh5 Ke7 55. Rh6 Kd7 56. Kd3 Kc7
57. Kd4 Kb7 58. Kc5 Ka7 59. Kxb5 a2 60. Bxa2 Kb8 61. Rh7 Kc8 62. Kc6 1-0

[Event "21e tournoi 1hKO"]
[Site "Montigny le Bretonneux"]
[Date "2017.05.27"]
[Round "5.7"]
[White "Branson, James"]
[Black "Hogrel, Nicolas"]
[Result "0-1"]
[WhiteElo "1564"]
[BlackElo "2008"]
[Annotator "Rivier,Sylvain"]
[PlyCount "100"]
[EventDate "2017.??.??"]
[WhiteTeam "La Dame Noire"]
[BlackTeam "La Dame Noire"]

{Défense sicilienne, système fermé} 1. e4 c5 2. Nc3 e6 3. Bc4 Nc6 4. f4 g6
5. d3 Bg7 6. Bd2 Nge7 7. Nf3 O-O 8. O-O d5 9. Bb3 a6 10. a3 b5 11. exd5 exd5
12. Qe1 Be6 13. Ne5 c4 14. Ba2 Qd6 15. Nxc6 Nxc6 16. Kh1 Nd4 17. Rc1 Rae8 18.
Qf2 h5 19. Be3 Nf5 20. Bc5 Qc6 21. Bxf8 Kxf8 22. Nd1 cxd3 23. c3 d4 24. Bxe6
Qxe6 25. cxd4 Bxd4 26. Qf3 Qe2 27. Nc3 Qxb2 28. Qxd3 Re3 29. Nd1 Rxd3 30. Nxb2
Bxb2 31. Rc8+ Kg7 32. Ra8 Rxa3 33. g3 b4 34. Rb1 Bc3 35. Kg2 a5 36. Kf1 Ra2 37.
Ra7 Rxh2 38. Kg1 Rd2 39. Rxa5 Nxg3 40. Rxb4 Bxb4 41. Rb5 Rd4 42. Kg2 Nf5 43.
Kf3 Bd6 44. Kg2 Rxf4 45. Rb3 g5 46. Kh3 g4+ 47. Kg2 h4 48. Rc3 h3+ 49. Kg1 h2+
50. Kg2 Nh4+ 0-1